[Event "WchT Seniors 50"]
[Site "Rhodes"]
[Date "2019.04.19"]
[Round "4.3"]
[White "Soffer, Ram"]
[Black "Godena, Michele"]
[Result "1/2-1/2"]
[WhiteElo "2486"]
[BlackElo "2459"]
[PlyCount "51"]
[EventDate "2019.04.16"]
[EventType "team-swiss"]
[EventRounds "9"]
[EventCountry "GRE"]
[SourceTitle "CBM 190 Extra"]
[Source "ChessBase"]
[SourceDate "2019.07.15"]
[SourceVersion "1"]
[SourceVersionDate "2019.07.15"]
[SourceQuality "1"]
[WhiteTeam "Israel"]
[BlackTeam "Italy"]
[WhiteTeamCountry "ISR"]
[BlackTeamCountry "ITA"]

1. c4 e5 2. Nc3 Bb4 3. Nd5 Bc5 4. b4 Bd4 5. Rb1 c6 6. e3 cxd5 7. exd4 d6 8. dxe5 dxe5 9. Nf3 Bf5 10. Rb3 Nd7 11. Nxe5 Nxe5 12. Re3 Ne7 13. Rxe5 0-0 14. d4 Re8 15. Be2 dxc4 16. Bxc4 Nc6 17. Rxe8+ Qxe8+ 18. Be3 Nxb4 19. 0-0 Qd7 20. Qb3 Nc6 21. Qb5 Rd8 22. d5 Ne7 23. Bxa7 Qxb5 24. Bxb5 Nxd5 25. Rd1 Be6 26. Bc4 1/2-1/2

[Event "WchT Seniors 50"]
[Site "Rhodes"]
[Date "2019.04.18"]
[Round "3.3"]
[White "Vaganian, Rafael A"]
[Black "Soffer, Ram"]
[Result "1/2-1/2"]
[WhiteElo "2535"]
[BlackElo "2486"]
[PlyCount "46"]
[EventDate "2019.04.16"]
[EventType "team-swiss"]
[EventRounds "9"]
[EventCountry "GRE"]
[SourceTitle "CBM 190 Extra"]
[Source "ChessBase"]
[SourceDate "2019.07.15"]
[SourceVersion "1"]
[SourceVersionDate "2019.07.15"]
[SourceQuality "1"]
[WhiteTeam "Armenia"]
[BlackTeam "Israel"]
[WhiteTeamCountry "ARM"]
[BlackTeamCountry "ISR"]

1. Nf3 d5 2. g3 Nf6 3. Bg2 e6 4. 0-0 Be7 5. c4 0-0 6. d4 dxc4 7. Qc2 a6 8. a4 Bd7 9. Qxc4 Bc6 10. Bg5 a5 11. Nc3 Nbd7 12. Rfe1 Nb6 13. Qb3 Bxf3 14. Bxf3 Qxd4 15. Bxb7 Rab8 16. Bg2 Nbd5 17. Qc2 Qc5 18. Qc1 Nxc3 19. bxc3 Rb3 20. Qe3 Qf5 21. Qf4 Qc5 22. Qe3 Qf5 23. Qf4 Qc5 1/2-1/2

[Event "ISR-chT"]
[Site "Israel"]
[Date "2019.02.16"]
[Round "6.2"]
[White "Soffer, Ram"]
[Black "Baron, Tal"]
[Result "1/2-1/2"]
[WhiteElo "2477"]
[BlackElo "2519"]
[PlyCount "20"]
[EventDate "2019.01.04"]
[EventType "team-tourn"]
[EventRounds "11"]
[EventCountry "ISR"]
[SourceTitle "CBM 189 Extra"]
[Source "ChessBase"]
[SourceDate "2019.06.03"]
[SourceVersion "1"]
[SourceVersionDate "2019.06.03"]
[SourceQuality "1"]
[WhiteTeam "Tel Aviv Har Tsvi"]
[BlackTeam "Rishon Le Zion Feldklein"]
[WhiteTeamCountry "ISR"]
[BlackTeamCountry "ISR"]

1. e4 e6 2. d4 d5 3. exd5 exd5 4. Nf3 Bd6 5. c4 Nf6 6. Nc3 0-0 7. cxd5 Re8+ 8. Be2 Nbd7 9. 0-0 Nb6 10. Bg5 Be7 1/2-1/2

[Event "ISR-chT"]
[Site "Israel"]
[Date "2019.01.05"]
[Round "2.4"]
[White "Soffer, Ram"]
[Black "Smirin, Ilia"]
[Result "1/2-1/2"]
[WhiteElo "2477"]
[BlackElo "2610"]
[PlyCount "153"]
[EventDate "2019.01.04"]
[EventType "team-tourn"]
[EventRounds "11"]
[EventCountry "ISR"]
[SourceTitle "CBM 188 Extra"]
[Source "ChessBase"]
[SourceDate "2019.02.26"]
[SourceVersion "1"]
[SourceVersionDate "2019.02.26"]
[SourceQuality "1"]
[WhiteTeam "Tel Aviv Har Tsvi"]
[BlackTeam "Ashdod Elite"]
[WhiteTeamCountry "ISR"]
[BlackTeamCountry "ISR"]

1. e4 e5 2. Nf3 Nc6 3. Nc3 Nf6 4. d4 exd4 5. Nxd4 Bc5 6. Be3 Bb6 7. Qd2 0-0 8. 0-0-0 Re8 9. f3 Ne5 10. Nb3 d6 11. Be2 Be6 12. g4 Nc4 13. Bxc4 Bxc4 14. g5 Nd7 15. Nd4 Ba5 16. Nf5 Be6 17. Nd4 Ne5 18. f4 Nc4 19. Qd3 Nxe3 20. Qxe3 Bd7 21. Nde2 b5 22. Ng3 b4 23. Nce2 Bb6 24. Qd3 a5 25. Nd4 g6 26. h4 Bg4 27. Nde2 d5 28. e5 c5 29. c4 bxc3 30. Nxc3 c4 31. Qxd5 Be3+ 32. Kb1 Bxd1 33. Rxd1 Qb6 34. Nge4 Reb8 35. Na4 Qc7 36. Nd6 Ra7 37. Nb5 Qc8 38. Nxa7 Qf5+ 39. Ka1 Bxa7 40. Qxc4 Rc8 41. Qd5 Be3 42. a3 Bxf4 43. Nb6 Re8 44. Qc6 Qe6 45. Qxe6 Rxe6 46. Nc4 Bxe5 47. Nxa5 Bg3 48. Rd4 Re1+ 49. Ka2 Rh1 50. Nc4 Bxh4 51. a4 Bxg5 52. a5 Re1 53. a6 Re6 54. Rd6 Re7 55. b4 h5 56. b5 Ra7 57. Ne5 h4 58. Nc6 Ra8 59. Rd3 Kg7 60. a7 Be7 61. b6 Bc5 62. Rb3 g5 63. Kb2 Bxb6 64. Rxb6 h3 65. Nd4 Rxa7 66. Nf5+ Kg8 67. Rh6 g4 68. Rh4 Ra4 69. Kc3 Rf4 70. Rxg4+ Rxg4 71. Nh6+ Kg7 72. Nxg4 Kg6 73. Kd3 Kg5 74. Nf2 Kh4 75. Ke3 Kg3 76. Nxh3 Kxh3 77. Kf4 1/2-1/2

[Event "Wch Seniors 50 28th"]
[Site "Bled"]
[Date "2018.11.27"]
[Round "9"]
[White "Soffer, Ram"]
[Black "Dougherty, Michael J"]
[Result "1-0"]
[WhiteElo "2472"]
[BlackElo "2155"]
[PlyCount "71"]
[EventDate "2018.11.18"]
[EventType "swiss"]
[EventRounds "11"]
[EventCountry "SLO"]
[SourceTitle "CBM 187 Extra"]
[Source "ChessBase"]
[SourceDate "2018.11.04"]
[SourceVersion "1"]
[SourceVersionDate "2018.11.04"]
[SourceQuality "1"]

1. e4 g6 2. d4 Bg7 3. Nf3 d6 4. Bc4 c6 5. 0-0 Nf6 6. Qe2 0-0 7. e5 Nd5 8. h3 a5 9. a4 Na6 10. Nc3 Nxc3 11. bxc3 Nc7 12. Bd3 f6 13. Re1 fxe5 14. dxe5 d5 15. Ng5 Bf5 16. Rb1 b5 17. axb5 Bxd3 18. cxd3 cxb5 19. Nf3 Qd7 20. Nd4 Rfb8 21. Ba3 Ne6 22. Nxe6 Qxe6 23. d4 Bh6 24. Rxb5 Rxb5 25. Qxb5 Bd2 26. Rd1 Bxc3 27. Bxe7 Rc8 28. Bc5 Qc6 29. Qb3 Bb4 30. Bxb4 Qb5 31. Rb1 axb4 32. e6 Kg7 33. Qe3 Qb8 34. f4 Kf6 35. f5 g5 36. e7 1-0

[Event "Wch Seniors 50 28th"]
[Site "Bled"]
[Date "2018.11.26"]
[Round "8"]
[White "Berend, Fred"]
[Black "Soffer, Ram"]
[Result "1-0"]
[WhiteElo "2369"]
[BlackElo "2472"]
[PlyCount "86"]
[EventDate "2018.11.18"]
[EventType "swiss"]
[EventRounds "11"]
[EventCountry "SLO"]
[SourceTitle "CBM 187 Extra"]
[Source "ChessBase"]
[SourceDate "2018.11.04"]
[SourceVersion "1"]
[SourceVersionDate "2018.11.04"]
[SourceQuality "1"]

1. e4 c5 2. Nf3 e6 3. d4 cxd4 4. Nxd4 Nc6 5. Nc3 Qc7 6. Be3 a6 7. Qd2 Nf6 8. f4 Bb4 9. Bd3 0-0 10. a3 Be7 11. e5 Ng4 12. Bg1 f6 13. Nxc6 bxc6 14. Qe2 f5 15. h3 Nh6 16. Be3 c5 17. 0-0-0 Bb7 18. Bc4 Bc6 19. b3 Nf7 20. Rhg1 Nxe5 21. fxe5 Qxe5 22. Bd2 Qf6 23. Rge1 Be4 24. Qf1 d5 25. Rxe4 fxe4 26. Qxf6 gxf6 27. Nxd5 exd5 28. Bxd5+ Kg7 29. Bxa8 Rxa8 30. Be3 c4 31. Rd7 Kf8 32. b4 Rc8 33. Kb2 Ke8 34. Rd5 Kf7 35. g4 Ke6 36. Ra5 Rc6 37. Kc3 Bd6 38. Kd4 Bc7 39. Rh5 Be5+ 40. Kxe4 Rc7 41. Bd4 Bxd4 42. Kxd4 Rd7+ 43. Kxc4 Rd2 1-0

[Event "Chigorin Memorial 25th"]
[Site "St Petersburg"]
[Date "2017.10.29"]
[Round "9"]
[White "Soffer, Ram"]
[Black "Askerov, Marat"]
[Result "0-1"]
[WhiteElo "2500"]
[BlackElo "2332"]
[PlyCount "86"]
[EventDate "2017.10.21"]
[EventType "swiss"]
[EventRounds "9"]
[EventCountry "RUS"]
[SourceTitle "CBM 181 Extra"]
[Source "ChessBase"]
[SourceDate "2017.12.12"]
[SourceVersion "1"]
[SourceVersionDate "2017.12.12"]
[SourceQuality "1"]

1. c4 Nf6 2. Nc3 e6 3. e4 e5 4. Nf3 Nc6 5. d3 Bc5 6. Nxe5 Nxe5 7. d4 Bb4 8. dxe5 Nxe4 9. Qd4 f5 10. Be3 d6 11. exd6 0-0 12. 0-0-0 Nxc3 13. bxc3 Ba3+ 14. Kc2 cxd6 15. Qd5+ Kh8 16. Kb3 f4 17. Bd4 Rf5 18. Qe4 Ra5 19. Bd3 Bf5 20. Qxf4 Qe8 21. Bxg7+ Kxg7 22. Qg5+ Kh8 23. Qf6+ Kg8 24. Qg5+ Qg6 25. Qxg6+ Bxg6 26. Rhe1 Bc5 27. Bxg6 hxg6 28. Re7 b5 29. Rd2 d5 30. Rb7 bxc4+ 31. Kb2 Re8 32. Rd7 Rb5+ 33. Kc2 Ba3 34. R2xd5 Rb2+ 35. Kd1 Rxf2 36. Rd8 Rxd8 37. Rxd8+ Bf8 38. Rc8 Rxg2 39. Rxc4 Rxa2 40. h4 Kg7 41. Kc1 Kh6 42. Kb1 Ra5 43. Kb2 Be7 0-1